Loreto College Library, Kolkata
WEBOPAC (ONLINE PUBLIC ACCESS CATALOGUE)

Women in political thought (Record no. 42353)

MARC details
000 -LEADER
fixed length control field 00643nam a22002177a 4500
005 - DATE AND TIME OF LATEST TRANSACTION
control field 20190813164310.0
008 - FIXED-LENGTH DATA ELEMENTS--GENERAL INFORMATION
fixed length control field 190813b xxu||||| |||| 00| 0 eng d
020 ## - ISBN | অাই এস বি এন
ISBN | অাই এস বি এন 9789386689580
PRICE Rs.995.00
040 ## - CATALOGING SOURCE
Original cataloging agency Loreto College
041 ## - LANGUAGE CODE
Language code English
082 ## - DDC | ডিউই
Classification number | বর্গসংখ্যা 396
Book Number | গ্রন্থাঙ্ক RAM
100 ## - MAIN ENTRY--PERSONAL NAME | মুখ্য সংলেখ - ব্যাক্তিনাম
Personal name | ব্যাক্তিনাম Ramaswamy,Sushila
245 ## - TITLE STATEMENT | অাখ্যা বিবরণী
Title | অাখ্যা Women in political thought
Sub title | উপঅাখ্যা The quest for gender equality and beyond
Statement of responsibility | লেখকের দায়িত্বের বিবরণ Sushila Ramaswamy
260 ## - IMPRINT | প্রকাশনা ক্ষেত্র
Place of publication | প্রকাশ স্থান Hyderabad
Name of publisher | প্রকাশকের নাম Orient Blackswan
Date of publication | প্রকাশ কাল 2018
300 ## - PHYSICAL DESCRIPTION |
Page / Vol. No | পৃষ্ঠা / খন্ড সংখ্যা xiv,393p
Other physical details | অনান্য বাহ্যিক বিবরণ 22cm
504 ## - BIBLIOGRAPHY, ETC. NOTE
Bibliography, etc Includes bibliographical references and index
650 ## - SUBJECT ADDED ENTRY--TOPICAL TERM | বিষয় শিরোনাম - মূল বিষয়
Topical term | মূল বিষয় Gender studies
650 ## - SUBJECT ADDED ENTRY--TOPICAL TERM | বিষয় শিরোনাম - মূল বিষয়
Topical term | মূল বিষয় Womens' studies
850 ## - HOLDING INSTITUTION
Holding institution LCLIB
942 ## - ADDED ENTRY ELEMENTS (KOHA)
Koha item type Books
Holdings
Withdrawn status Lost status Source of classification Damaged status Not for loan Home library Current library Date acquired Price Total Checkouts Full call number Accession No. Date last seen Price effective from Koha item type
    Dewey Decimal Classification     Loreto College Loreto College 13/08/2019 995.00   396 RAM 53087 46374 13/08/2019 13/08/2019 Books